El Subsistema azucarero en Panamá /

Uloženo v:
Podrobná bibliografie
Korporace: INIES, CRIES Equipo de investigación del Centro de Estudios y Acción Social de Panamá
Médium: Text
Vydáno: Managua: CRIES
Tagy: Přidat tag
Žádné tagy, Buďte první, kdo vytvoří štítek k tomuto záznamu!

MARC

LEADER 00000 a a2200000 04500
001 20951
003
040
090 |a 089900  
110 |a INIES  
245 |a El Subsistema azucarero en Panamá /  |c INIES  
260 |a Managua:   |b CRIES  
300 |a 62 p.  
710 |a CRIES   |a Equipo de investigación del Centro de Estudios y Acción Social de Panamá  
999 |c 12830  |d 12830